000
00266nam a22001097a 4500
041
_a
ENG
245
_a
30 practice Sets ( Fully Solved )
260
_a
Bsc Publishing Co .PVT
_b
Delhi
_c
1994
300
_a
563
650
_a
Competitive Exam
856
_u
Competitive Exam
999
_c
2672
_d
2672